ZWIERZĘTA na literę N - Statystyki

Ogólne statystyki
  • Ten quiz został rozwiązany 164 razy
  • Średni wynik to 7 z 10
Statystyki odpowiedzi
Obrazkowy Odpowiedź % Poprawnych
Nosorożec biały
100%
Niedźwiedź brunatny
94%
Nocek duży
90%
Nosacz sundajski
85%
Narwal jednozębny
66%
Nornica ruda
59%
Nandu plamiste
53%
Nutria amerykańska
53%
Nornik polny
31%
Nur czarnoszyi
30%
Nie znaleziono quizów pasujących do podanych kryteriów
Rozkład punktacji
Procent ludzi z każdym wynikiem
Percentyl według liczby udzielonych odpowiedzi
Twoja historia wyników
Nie rozwiązałeś tego quizu